Projecte de Decret aprovant els Estatuts de la Caixa Central de Crèdit Agrícola de la Generalitat de Catalunya
MARC
| LEADER | 00000nam a2200000Ia 4500 | ||
|---|---|---|---|
| 001 | 9183 | ||
| 003 | AGDB | ||
| 005 | 20260410113656.0 | ||
| 008 | 160829s1938 xx 000 0 cat d | ||
| 040 | |a agdb |b cat | ||
| 080 | |a RF-10-7 | ||
| 245 | |a Projecte de Decret aprovant els Estatuts de la Caixa Central de Crèdit Agrícola de la Generalitat de Catalunya | ||
| 260 | |a Barcelona : |b Generalitat de Catalunya. Departament d'Agricultura, |c 1938 | ||
| 300 | |a [20] p. : |b a doble i triple columna ; |c 31 cm | ||
| 650 | |a Caixa Central de Crèdit Agrícola |x Estatuts |9 36725 | ||
| 710 | 1 | |a Catalunya. |b Departament d'Agricultura |9 55594 | |
| 856 | 4 | |u https://media.diba.cat/diba/fitxers/arxiu/fulletons/bib_9183_1938_baixa.pdf |y Accés lliure | |
| 856 | 4 | |u https://media.diba.cat/diba/fitxers/arxiu/fulletons/bib_9183_1938_baixa.pdf |y Accés lliure | |
| 856 | 4 | 0 | |u https://www.diba.cat/documents/94831/401503169/bib_9183_1938_baixa.pdf/01a10904-a398-b2d5-1cb4-8986e5b1b997?t=1702286157653 |y Accés lliure |
| 900 | |a bib_9183_1938_baixa.pdf | ||
| 901 | |a Arxiu | ||
| 942 | |n 1 |2 udc |c ARXIU | ||
| 952 | |0 0 |1 0 |4 0 |6 RF107 |7 1 |9 47463 |a Arxiu |b Arxiu |d 2016-12-01 |l 0 |o RF-10-7 |p 9183 |r 2016-12-01 00:00:00 |w 2016-12-01 |y ARXIU | ||
| 999 | |c 51261 |d 51261 | ||